Capacity Building Requirements for Global Environmental Protection / (Record no. 2140)

000 -LEADER
fixed length control field 00690nam a2200229 a 4500
007 - PHYSICAL DESCRIPTION FIXED FIELD--GENERAL INFORMATION
fixed length control field ta
008 - FIXED-LENGTH DATA ELEMENTS--GENERAL INFORMATION
fixed length control field 200214t1995 xxua|||g |||| 00| 0 eng d
020 ## - INTERNATIONAL STANDARD BOOK NUMBER
International Standard Book Number 1884122132
040 ## - CATALOGING SOURCE
Original cataloging agency IMU Kochi Library
Language of cataloging eng
041 0# - LANGUAGE CODE
Language code of text/sound track or separate title eng
044 ## - COUNTRY OF PUBLISHING/PRODUCING ENTITY CODE
MARC country code United States
082 04 - DEWEY DECIMAL CLASSIFICATION NUMBER
Edition number 23
Classification number 363.7
Item number Oh39
100 1# - MAIN ENTRY--PERSONAL NAME
Personal name Ohiorhenuan, John F. E.
245 10 - TITLE STATEMENT
Title Capacity Building Requirements for Global Environmental Protection /
260 ## - PUBLICATION, DISTRIBUTION, ETC. (IMPRINT)
Place of publication, distribution, etc Washington , D. C. :
Name of publisher, distributor, etc World Bank ,
Date of publication, distribution, etc 1995.
300 ## - PHYSICAL DESCRIPTION
Extent vi , 26p. :
Other physical details ill. ;
Dimensions 28 cm.
650 #0 - SUBJECT ADDED ENTRY--TOPICAL TERM
Topical term or geographic name as entry element Global environmental change
Form subdivision Handbooks, manuals, etc
700 ## - ADDED ENTRY--PERSONAL NAME
Personal name Wunker, Stephen M.
Relator term Joint Author
852 ## - LOCATION/CALL NUMBER
Location IMU Kochi Library
904 ## - LOCAL DATA ELEMENT D, LDD (RLIN)
CATALOGER Reshma Rajesh
942 ## - ADDED ENTRY ELEMENTS (KOHA)
Item type Books
Holdings
Withdrawn status Lost status Source of classification or shelving scheme Damaged status Not for loan Collection code Permanent location Current location Shelving location Date acquired Source of acquisition Full call number Barcode Date last seen Koha item type Public note
          Gifted Collection IMU Kochi Library IMU Kochi Library Reference 2000-02-14 Donated Books 363.7 Oh39 G0074 2020-02-14 Gratis Books Shelf-22, Row-5


Copyright © All Rights Reserved by Indian Maritime University, Kochi Campus.
For any Suggestions/Query Contact to library or Email: library.kochi@imu.ac.in Ph:(0484)-2989402
(Web OPAC Designed by Rudra Ranjan. Maintained by IMU Kochi Library)

Powered by Koha